000 00642nam a2200181 i 4500
001 29731
003 ES-MaACL
005 20251001192017.0
007 t|
008 030122q1905 fr ||||1| fre d
100 1 _aBarrès, Maurice,
_d1862-1923
_925947
245 1 0 _aAu service de l'Allemagne
_b: les bastions de l'Est /
_cMaurice Barrès,... ; illustrations d'après les aquarelles en noir et en couleurs de Georges Conrad.
260 _aParís :
_bArthème Fayard,
_c[1905?]
300 _a125 p. :
_bil. ;
_c25 cm.
700 1 _aConrad, Georges,
_d1874-1936
_940215
852 _aES-MaACL
_jT-1070-F-5
999 _c29731
_d29731